| 000 | 00000nam##2200000za#4500 |
| 001 | 9.676755 |
| 003 | CaOODSP |
| 005 | 20210624230032 |
| 007 | cr ||||||||||| |
| 008 | 150407|1977||||xxc|||||o f|0| 0 eng|d |
| 040 | |aCaOODSP|beng |
| 041 | |aeng |
| 041 | |afre |
| 043 | |an-cn--- |
| 086 | 1 |aRC31-2/1977-PDF |
| 110 | 1 |aCanada.|bIndian Claims Commission. |
| 245 | 12|aA report, Commissioner on Indian Claims : |h[electronic resource]|bstatements and submissions / |cLloyd Barber, commissioner. |
| 260 | |aOttawa - Ontario : |bIndian Claims Commission |cc1977. |
| 300 | |a130p. (French text follows English text). |
| 500 | |aHistorical publication digitized in 2008 by the Privy Council Office of Canada. |
| 590 | |a15-04-Supp|b2015-03-19 |
| 690 | 07|aIndigenous rights|2gcpds |
| 690 | 07|aCommissions of inquiry|2gcpds |
| 690 | 07|aLand claims|2gcpds |
| 792 | |tUn rapport, Commissaire au revendications des indiens : |efre|w(CaOODSP)9.676756 |
| 856 | 40|ahttp://publications.gc.ca|qPDF|s7.23 MB|uhttps://publications.gc.ca/collections/collection_2014/trp-sct/RC31-2-1977.pdf |